Statistics for How well Do you know the U.S? part 2

Click here to take the quiz!

General Stats

  • This quiz has been taken 17 times
  • The average score is 3 of 5

Answer Stats

QuestionAnswer% Correct
What Is the 4th Most Populous City In The U.S?Houston TX
81%
What Is the 3rd Most Spoken Language In the U.S?Chinese
69%
Who Led the U.S before George Washington?John Hanson
44%
What Is the Former Capital Of The U.S?Philadelphia PA
44%
How Many U.S Flag Variations Have there been Since the Country's independence?27
38%

Score Distribution

Percentile by Number Answered

Percent of People with Each Score

Your Score History

You have not taken this quiz